[Event "Acasusso op"]
[Site "Acasusso"]
[Date "1991.??.??"]
[Round "5"]
[White "Benko, Francisco"]
[Black "Llanos, Guillermo"]
[Result "0-1"]
[WhiteElo "2260"]
[BlackElo "2385"]

1.e4 c5 2.Nf3 d6 3.Bb5+ Nc6 4.O-O Bd7 5.c3 a6 6.Bxc6 Bxc6 7.Re1 Nf6 8.d3 e5
9.d4 Qc7 10.Bg5 Be7 11.Nbd2 b5 12.b4 c4 13.d5 Bd7 14.h3 O-O 15.Nf1 h6 16.Bd2 Kh7
17.N3h2 g6 18.g4 Ng8 19.Ng3 Bg5 20.Bxg5 hxg5 21.Nf3 f6 22.Kg2 Nh6 23.Rh1 Kg7
24.Qd2 Nf7 25.Ne1 Rh8 26.Nc2 Rh4 27.Ne3 Rah8 28.f3 R8h7 29.Nd1 Nh6 30.Nf2 Ng8
31.Nf1 Ne7 32.Ne3 Nc8 33.Kg3 Nb6 34.Ng2 R4h6 35.Rad1 Na4 36.Rb1 Qd8 37.Ne3 Kf7
38.Kg2 Ke8 39.Rbc1 Qb6 40.Ned1 Kd8 41.Nb2 Nxb2 42.Qxb2 Kc8 43.Qd2 Kb7 44.Rce1 Rh8
45.Rb1 R6h7 46.Nd1 Rf7 47.Ne3 f5 48.Rbf1 fxe4 49.fxe4 Rf4 50.Rxf4 gxf4 51.Nc2 Bxg4
52.Ne1 Bxh3+ 53.Rxh3 Rxh3 54.Kxh3 Qg1 55.Qg2 Qxe1 56.Qf3 Qg1 57.Kh4 Qh2+  0-1

[Event "Acasusso op"]
[Site "Acasusso"]
[Date "1991.??.??"]
[Round "11"]
[White "Tempone, Marcelo"]
[Black "Fiorito, Fabian"]
[Result "1/2-1/2"]
[WhiteElo "2460"]
[BlackElo "2435"]

1.e4 c5 2.Nf3 d6 3.Bb5+ Bd7 4.Bxd7+ Qxd7 5.c4 Nc6 6.Nc3 Nf6 7.O-O e6 8.d4 cxd4
9.Nxd4 Be7 10.Be3 O-O 11.Rc1  1/2-1/2

[Event "Euwe mem"]
[Site "Amsterdam"]
[Date "1991.??.??"]
[Round "9"]
[White "Ljubojevic, Ljubomir"]
[Black "Kasparov, Gary"]
[Result "0-1"]
[WhiteElo "2590"]
[BlackElo "2800"]

1.e4 c5 2.Nf3 d6 3.Bb5+ Nd7 4.d4 Nf6 5.O-O a6 6.Bxd7+ Nxd7 7.Nc3 e6 8.Bg5 Qc7
9.Re1 cxd4 10.Qxd4 Ne5 11.Rad1 Bd7 12.Nxe5 dxe5 13.Qd2 b5 14.a3 Rc8 15.Re3 f6
16.Rd3 Bc6 17.Be3 Kf7 18.f3 a5 19.Qf2 b4 20.axb4 axb4 21.Na2 Bb5 22.R3d2 Ra8
23.Nc1 Be7 24.Bb6 Qc6 25.Nb3 Rhc8 26.Be3 g5 27.g4 h5 28.h3 Kg6 29.Kg2 h4
30.Qg1 Ra2 31.Rb1 Bc4 32.Nc1 Raa8 33.Nb3 Rd8 34.Rbd1 Rxd2+ 35.Rxd2 Ra2 36.Qb1 Qa4
37.Bc5 Bxc5 38.Nxc5 Qa7 39.b3 Ra1 40.bxc4 Rxb1  0-1

[Event "JUG-Cup qual"]
[Site "Arandjelovac"]
[Date "1991.??.??"]
[Round "4"]
[White "Nikolic, Zivoslav"]
[Black "Velimirovic, Dragoljub"]
[Result "1/2-1/2"]
[WhiteElo "2430"]
[BlackElo "2520"]

1.e4 c5 2.Nf3 d6 3.Bb5+ Bd7 4.a4 Nf6 5.Nc3 g6 6.O-O Bg7 7.e5 dxe5 8.Nxe5 O-O
9.Nxd7 Nbxd7 10.Re1 e6 11.Bf1 Nb6 12.g3 Nbd5 13.Bg2 c4 14.Nxd5 Nxd5 15.d3 c3
16.b3 Qd7 17.Ba3 Rfe8 18.Qg4 h5 19.Qg5 Bf6 20.Qh6 Qd8 21.h4 Bg7 22.Qg5 Bf6
23.Qh6 a6 24.Re2 Bg7 25.Qg5 Qxg5 26.hxg5 Red8 27.a5 Rac8 28.Re4 Bf8 29.Rc4 Rc6
30.Bxf8 Kxf8 31.Rxc6 bxc6 32.Ra4 Ke7 33.Rc4 Kd6 34.d4 Rb8 35.Bxd5 cxd5 36.Rxc3 Rb5
37.Rf3 Ke7 38.Rc3 Rxa5 39.Rc7+ Kf8 40.Kf1 Ra1+ 41.Ke2 Rh1 42.f3 a5 43.Ke3 Rh2
44.Rc5 Ke7 45.Rc7+  1/2-1/2

[Event "Augsburg"]
[Site "Augsburg"]
[Date "1991.??.??"]
[Round "8"]
[White "Arapovic, Vitomir"]
[Black "Komljenovic, Davor"]
[Result "0-1"]
[WhiteElo "2400"]
[BlackElo "2470"]

1.e4 c5 2.Nf3 d6 3.Bb5+ Bd7 4.Bxd7+ Nxd7 5.O-O Ngf6 6.Re1 e6 7.c3 Be7 8.d4 cxd4
9.cxd4 d5 10.e5 Ne4 11.Re2 Qb6 12.Ne1 f6 13.f3 Ng5 14.Be3 fxe5 15.dxe5 Qa6
16.Nd3 Nf7 17.f4 Nh6 18.Nc3 Nf5 19.Bf2 h5 20.Rc1 Rc8 21.Qd2 O-O 22.Kh1 Nb6
23.Bxb6 Qxb6 24.Ree1 Rc4 25.g3 Rfc8 26.b3 R4c6 27.Na4 Qd4 28.Rxc6 Rxc6 29.Kg2 Bb4
30.Qxb4 Rc2+ 31.Kh3 Qxd3  0-1

[Event "AUT-ch"]
[Site "?"]
[Date "1991.??.??"]
[Round "?"]
[White "Wittmann, Walter"]
[Black "Hoelzl, Franz"]
[Result "1/2-1/2"]
[WhiteElo "2370"]
[BlackElo "2385"]

1.e4 c5 2.Nf3 d6 3.Bb5+ Nd7 4.d4 Nf6 5.Nc3 a6 6.Bxd7+ Nxd7 7.O-O e6 8.Bg5 Qa5
9.d5 e5 10.a4 h6 11.Be3 Be7 12.Nd2 Qd8 13.Nc4 Nb6 14.Na3 Bd7 15.b3 Nc8 16.Qe2 O-O
17.Rfb1 a5 18.Rd1 Nb6 19.Ncb5 f5 20.f3 fxe4 21.fxe4 Rf6 22.Rf1 Rg6 23.Kh1 Kh7
24.Nb1 Bg4 25.Qd3 Nd7 26.Nd2 Nf6 27.Nc4 Bh5 28.Bd2 Ng4 29.Ne3 Nxe3 30.Bxe3 Qd7
31.Rf5 Rf8 32.Raf1 Rgf6 33.Rxf6 Rxf6 34.Rxf6 gxf6 35.h3 Bg6 36.Bd2 f5 37.Bxa5 fxe4
38.Qe2 e3 39.Qxe3 Bxc2 40.Bd2 Bf8 41.Na3 Bg6 42.Qe2 Qg7 43.Nc4 Bc2 44.Kg1 Qg6
45.b4 cxb4 46.Bxb4 Be4 47.Qf2 Bxg2 48.Qxg2 Qb1+ 49.Qf1 Qxb4 50.Qf7+  1/2-1/2

[Event "AUT-chT playoff"]
[Site "?"]
[Date "1991.??.??"]
[Round "?"]
[White "Feistenauer, Fred"]
[Black "Kwatschewsky, Leo"]
[Result "1-0"]
[WhiteElo "2300"]
[BlackElo "2305"]

1.e4 c5 2.Nf3 d6 3.Bb5+ Bd7 4.Bxd7+ Qxd7 5.O-O Nc6 6.c3 Nf6 7.d4 cxd4 8.cxd4 d5
9.e5 Ne4 10.Ne1 f6 11.f3 Ng5 12.Be3 Nf7 13.f4 f5 14.Nc3 e6 15.Nf3 Be7 16.h3 h5  1-0

[Event "AUT-chT"]
[Site "?"]
[Date "1991.??.??"]
[Round "?"]
[White "Lenz, Alarich"]
[Black "Wirius, Stefan"]
[Result "1/2-1/2"]
[WhiteElo "2245"]
[BlackElo "2255"]

1.e4 c5 2.Nf3 d6 3.Bb5+ Bd7 4.Bxd7+ Qxd7 5.O-O Nc6 6.c3 Nf6 7.Qe2 e6 8.d4 cxd4
9.cxd4 d5 10.e5 Ne4 11.Be3 Be7 12.Ne1 f6 13.f3 Ng5 14.Nd3 O-O 15.Nc3 Nf7
16.f4 Nh6 17.g4 f5 18.h3 Rac8 19.Rfc1 a6 20.g5 Nf7  1/2-1/2

[Event "AUT-chT"]
[Site "?"]
[Date "1991.??.??"]
[Round "?"]
[White "Lenz, Alarich"]
[Black "Denk, Adolf"]
[Result "1/2-1/2"]
[WhiteElo "2245"]
[BlackElo "2255"]

1.e4 c5 2.Nf3 d6 3.Bb5+ Nc6 4.O-O Bd7 5.Re1 e6 6.c3 Be7 7.d4 cxd4 8.cxd4 Nf6
9.Nc3 O-O 10.Bf4 Nh5 11.Be3 g6 12.Bh6 Re8 13.d5 exd5 14.Nxd5 Bf8 15.Bg5 Qb8
16.Nf6+ Nxf6 17.Bxf6 Ne5 18.Bxd7 Nxd7 19.Bc3 Qc7 20.Rc1 Rac8 21.Qd4 Ne5 22.Nxe5  1/2-1/2

[Event "AUT-chT"]
[Site "?"]
[Date "1991.??.??"]
[Round "?"]
[White "Singer, Christoph"]
[Black "Wallner, Walter"]
[Result "1-0"]
[WhiteElo "2315"]
[BlackElo "2250"]

1.e4 c5 2.Nf3 d6 3.Bb5+ Nd7 4.d4 cxd4 5.Qxd4 a6 6.Bxd7+ Bxd7 7.Nc3 Nf6 8.Bg5 e6
9.O-O-O Be7 10.Kb1 Qc7 11.Rhe1 Bc6 12.Qd2 Rd8 13.Nd4 h6 14.Bxf6 Bxf6 15.Nd5 Bxd5
16.exd5 e5 17.Nf5 Qd7 18.Qd3 g6 19.Ng3 O-O 20.Ne4 Bg7 21.f3 f5 22.Nf2 Qa4
23.g4 Qd4 24.Qe2 Qf4 25.Nh3 Qb4 26.c3 Qb6 27.gxf5 gxf5 28.Rg1 Kh7 29.f4 exf4
30.Qh5 Rf6 31.Ng5+ Kh8 32.Rde1 Rdf8 33.Ne6 f3 34.Qxf3 Rg8 35.Nxg7 Rxg7 36.Re8+ Kh7
37.Rxg7+ Kxg7 38.Qg3+ Rg6 39.Rg8+ Kxg8 40.Qxg6+ Kh8 41.Qxh6+ Kg8 42.Qg6+ Kh8
43.Qxf5 Qg1+ 44.Kc2 Qxh2+ 45.Kb3 Qe2 46.Qc8+ Kg7 47.Qd7+ Kh8 48.Qxb7 Qd3
49.Qc8+ Kg7 50.Qc7+ Kg8 51.Qxd6  1-0

[Event "URS-chT"]
[Site "Azov"]
[Date "1991.??.??"]
[Round "?"]
[White "Nevednichy, Vladislav"]
[Black "Nasybullin, Vladislav"]
[Result "1/2-1/2"]
[WhiteElo "2455"]
[BlackElo "2330"]

1.e4 c5 2.Nf3 d6 3.Bb5+ Bd7 4.Bxd7+ Qxd7 5.c4 e5 6.Nc3 Nc6 7.a3 g6 8.Nd5 Nce7
9.b4 Nxd5 10.cxd5 b6 11.bxc5 bxc5 12.Rb1 Bh6 13.d3 Bxc1 14.Qxc1 Nf6 15.Qg5 Qe7
16.O-O O-O 17.Rb2 Rfb8 18.Rfb1 Rxb2 19.Rxb2 Qd8 20.Nd2 Kg7 21.Nc4 Rb8 22.Qc1 Qc7
23.Qb1 Nd7 24.Rxb8 Nxb8 25.Qb5 Kf8 26.g3 Ke7 27.Kg2 a6 28.Qb3 Nd7 29.Qa4 Nb8
30.f4 f6 31.Qb3 Nd7 32.Qa4 Nb8 33.fxe5 fxe5 34.Qd1 Nd7 35.Qg4 Nf8 36.Qg5+ Kf7
37.h4 h5 38.Qd2 Nd7 39.Na5 Nf6 40.Nc4 Ng4 41.Qb2 Kg7 42.Qe2 Qb8 43.Qd2 Qf8
44.Qb2 Kh6  1/2-1/2

[Event "URS-chT"]
[Site "Azov"]
[Date "1991.??.??"]
[Round "?"]
[White "Berezjuk, Sergej"]
[Black "Brodsky, Michail"]
[Result "0-1"]
[WhiteElo "2355"]
[BlackElo "2310"]

1.e4 c5 2.Nf3 d6 3.Bb5+ Bd7 4.Bxd7+ Qxd7 5.c4 Nf6 6.Nc3 Nc6 7.O-O g6 8.d4 cxd4
9.Nxd4 Bg7 10.Nde2 O-O 11.f3 Rfc8 12.Be3 Qd8 13.Rc1 a6 14.b3 b5 15.cxb5 axb5
16.a4 bxa4 17.Nxa4 Rab8 18.Nec3 Nd7 19.Nd5 e6 20.Nf4 Bf8 21.Ne2 Qa5 22.Rc3 Nc5
23.Nxc5 dxc5 24.f4 Rd8 25.Qe1 Nb4 26.f5 exf5 27.Bf4 Ra8 28.Qg3 Qa6 29.Rc4 Rd3
30.Qh4 Re8 31.Nc3 Bg7 32.e5 Rd4 33.Rxc5 Qa7 34.Na4 Nd3 35.e6 fxe6 36.Rc7 Qxc7  0-1

[Event "URS Spartakiada (Women)"]
[Site "Azov"]
[Date "1991.??.??"]
[Round "3"]
[White "Sheremetieva, Marina"]
[Black "Litinskaya, Marta I"]
[Result "1/2-1/2"]
[WhiteElo "2240"]
[BlackElo "2370"]

1.e4 c5 2.Nf3 d6 3.Bb5+ Bd7 4.Bxd7+ Qxd7 5.c4 Nc6 6.O-O Nf6 7.Nc3 g6 8.d4 cxd4
9.Nxd4 Bg7 10.Nde2 O-O 11.f3 Rac8 12.Be3 Rfd8 13.Qd2 b6 14.Rac1 Qb7 15.b3 a6
16.a4 Na5 17.Rb1 e6 18.Rfd1 Rd7 19.Bf2 h6 20.Qe3 Rb8 21.Bg3 Rbd8 22.Bf2 Rb8
23.Bg3 Rbd8 24.Bf2 Rb8  1/2-1/2

[Event "Bad Woerishofen op"]
[Site "Bad Woerishofen"]
[Date "1991.??.??"]
[Round "6"]
[White "Fette, Martin"]
[Black "Kerpf, Bernhard"]
[Result "1-0"]
[WhiteElo "2375"]
[BlackElo "2215"]

1.e4 c5 2.Nf3 d6 3.Bb5+ Bd7 4.Bxd7+ Qxd7 5.O-O Nc6 6.c3 d5 7.exd5 Qxd5 8.d4 e6
9.Be3 cxd4 10.cxd4 Nf6 11.Nc3 Qd6 12.Ne5 Be7 13.Nb5 Qd8 14.Qf3 Qa5 15.a4 O-O
16.Nxc6 bxc6 17.Qxc6 Nd5 18.Rfc1 h6 19.Nc7 Rab8 20.Nxd5 exd5 21.Qc7 Qb4 22.Qxa7 Rb7
23.Qa6 Qxb2 24.Qc6 Rfb8 25.g3 Ra7 26.Qxd5 Rba8 27.a5 Bd8 28.a6 Bg5 29.Rab1 Qe2
30.Rb7 Qh5 31.Rxa7  1-0

[Event "BUL-chT"]
[Site "Bankia"]
[Date "1991.??.??"]
[Round "2"]
[White "Georgiev, Krum"]
[Black "Tringov, Georgi P"]
[Result "1/2-1/2"]
[WhiteElo "2480"]
[BlackElo "2420"]

1.e4 c5 2.Nf3 d6 3.Bb5+ Bd7 4.Bxd7+ Qxd7 5.O-O Nc6 6.c3 Nf6 7.Re1 e6 8.d4 cxd4
9.cxd4 d5 10.e5 Ne4 11.Nbd2 Nxd2 12.Bxd2 Be7 13.Rc1 O-O 14.Re3 Rac8 15.Rec3 a6
16.a3 Na7  1/2-1/2

[Event "BUL-chT"]
[Site "Bankia"]
[Date "1991.??.??"]
[Round "3"]
[White "Angelov, Angel"]
[Black "Mollov, Elin"]
[Result "0-1"]
[WhiteElo "2290"]
[BlackElo "2400"]

1.e4 c5 2.Nf3 d6 3.Bb5+ Bd7 4.a4 Nf6 5.Qe2 Nc6 6.O-O e6 7.c3 Be7 8.d4 cxd4
9.cxd4 d5 10.e5 Ne4 11.Nbd2 Nxd2 12.Bxd2 Nb4 13.Rac1 a6 14.Bxd7+ Qxd7 15.Rc3 Rc8
16.Rxc8+ Qxc8 17.Rc1 Qd8 18.Rc3 O-O 19.Rb3 Qa5 20.Rc3 Qb6 21.Qd1 h6 22.h4 Nc6
23.Rb3 Qa7 24.Be1 a5 25.Qd3 Rc8 26.Bc3 Nb4 27.Qb5 b6 28.h5 Qc7 29.Bd2 Qc2
30.Rc3 Rxc3 31.bxc3 Nd3 32.Be3 Qxc3 33.Qe8+ Bf8 34.Kh2 Nb2 35.Nh4 Qc7 36.Kg3 Nc4
37.Bc1 Nxe5 38.Bf4 Qc6 39.Qb8 Nd3 40.Bc7 Kh7 41.Nf3 Be7 42.Ne5 Nxe5 43.Bxe5 Qxa4
44.Qxb6 Qb4 45.Qc6 Qd2 46.Qe8 Qg5+ 47.Kf3 Qf5+ 48.Ke3 Qe4+ 49.Kd2 Bg5+ 50.Kc3 Qe1+
51.Kb3 Qb4+ 52.Kc2 Qc4+ 53.Kb2 Bd2 54.Qb8 Bc3+ 55.Kb1 Qd3+ 56.Kc1 Qd2+ 57.Kb1 Qd1+
58.Ka2 Qc2+  0-1

[Event "Bardejov"]
[Site "Bardejov"]
[Date "1991.??.??"]
[Round "?"]
[White "Titov, German"]
[Black "David, Pavel"]
[Result "1/2-1/2"]
[WhiteElo "2480"]
[BlackElo "2400"]

1.e4 c5 2.Nf3 d6 3.Bb5+ Bd7 4.Bxd7+ Qxd7 5.c4 Nc6 6.O-O g6 7.d4 cxd4 8.Nxd4 Bg7
9.Be3 Nf6 10.f3 O-O 11.Nc3 Rfc8 12.Nde2 Qd8 13.Rc1 Qa5 14.b3 Rab8 15.Kh1 a6
16.a4 Ne5 17.Nf4 Ned7 18.Nfd5 Qd8 19.a5 Nxd5 20.Nxd5 e6 21.Nb6 Nxb6 22.Bxb6 Qe7
23.Qd3 Rc6 24.Qe3 Qh4 25.g3 Qh5 26.Rcd1 Bh6 27.Qe1 Re8 28.Kg2 Bg5 29.e5 Be7
30.exd6 Bxd6 31.Qe4 Qf5 32.Qxf5 gxf5 33.Rd3 Bc5 34.Bxc5 Rxc5 35.Ra1 Rb8 36.Kf2 Kf8
37.Ke3 Ke7 38.Kd2 h5 39.Kc3 h4 40.b4 Rc7 41.g4 fxg4 42.fxg4 Rg8 43.h3 Rd7
44.Rxd7+ Kxd7 45.Rf1 f5 46.gxf5 Rg3+ 47.Kd4 Rxh3 48.fxe6+  1/2-1/2

[Event "Bayern-ch"]
[Site "Bayern"]
[Date "1991.??.??"]
[Round "6"]
[White "Wimmer, Herbert"]
[Black "Meier, T."]
[Result "1/2-1/2"]
[WhiteElo "2260"]
[BlackElo "2275"]

1.e4 c5 2.Nf3 d6 3.Bb5+ Bd7 4.Bxd7+ Qxd7 5.c4 Nc6 6.Nc3 g6 7.d4 cxd4 8.Nxd4 Nf6
9.f3 Nxd4 10.Qxd4 Bg7 11.b3 O-O 12.Bb2 Ng4 13.Qd2 Ne5 14.O-O b6 15.Rad1 Qb7
16.f4 Nc6 17.Nd5 f5 18.exf5 Bxb2 19.Qxb2 Rxf5 20.Ne3 Rh5 21.Rd5 Rxd5 22.cxd5 Nd8
23.f5 Nf7 24.fxg6 hxg6 25.Qd4 Rf8 26.Nc4 b5 27.Qe4 Kg7 28.Qd4+ Kg8 29.Qe4 Kg7
30.Qd4+ Kg8  1/2-1/2

[Event "Beijing op"]
[Site "Beijing"]
[Date "1991.??.??"]
[Round "1"]
[White "Ong Chong Ghee"]
[Black "Xu Jun"]
[Result "0-1"]
[WhiteElo "2270"]
[BlackElo "2530"]

1.Nf3 c5 2.e4 d6 3.Bb5+ Bd7 4.Bxd7+ Qxd7 5.O-O Nf6 6.e5 dxe5 7.Nxe5 Qc7 8.d4 cxd4
9.Bf4 Qb6 10.Na3 e6 11.Nac4 Qc5 12.Qf3 Nc6 13.Rad1 Rd8 14.a3 Be7 15.Qb3 Nxe5
16.Nxe5 Nh5 17.Nd3 Qc6 18.Ne5 Qa6 19.Bc1 O-O 20.Rd3 Rd5 21.Nf3 Rfd8 22.Rfd1 e5
23.Re1 Bf6 24.g4 Qe6 25.gxh5 Qg4+ 26.Kh1 e4 27.Ng1 e3 28.Bxe3 dxe3 29.Rdxe3 Qd7
30.Nf3 h6 31.c3 Rxh5 32.Qc2 Rd5 33.Ne5 Qc8 34.Qa4 b5 35.Qf4 Qc7 36.Qg3 Rd2
37.R3e2 Rxe2 38.Rxe2 a5 39.Kg2 Re8 40.f4 Qd6 41.Qe3 Qd5+ 42.Qf3 Qd1 43.Rf2 Qd6
44.Qb7 Bxe5 45.fxe5 Qg6+ 46.Kf1 Rd8 47.Qf3 Rd3 48.Qe2 Rd5 49.Rf3 Qb1+ 50.Kg2 Qc1
51.Kh3 Rd2 52.Qe3 Qxb2 53.Qf4 Kh8 54.e6 fxe6 55.Qe5 Qc2 56.Qf4 a4 57.Qe5 Kh7
58.Qf4 Re2 59.Qc7 Qg6  0-1

[Event "Belgrade-B"]
[Site "Belgrade"]
[Date "1991.??.??"]
[Round "3"]
[White "Zakic, Srdjan"]
[Black "Grujic, Lazar"]
[Result "1/2-1/2"]
[WhiteElo "2350"]
[BlackElo "2365"]

1.e4 c5 2.Nf3 d6 3.Bb5+ Bd7 4.Bxd7+ Qxd7 5.O-O Nc6 6.c3 Nf6 7.d4 cxd4 8.cxd4 d5
9.e5 Ng8 10.Nc3 e6 11.Ne2 Nge7 12.Ng3 g6 13.Bg5 Bg7 14.Qd2 h6 15.Be3 O-O-O
16.b4 Nf5 17.Nxf5 gxf5 18.Rfc1 Kb8 19.Ne1 Ne7 20.Nd3 Nc8 21.Nc5 Qe8 22.a4 Nb6
23.Qe2 Nc4 24.Bf4 Bf8 25.Qf3 Bxc5 26.dxc5 Rc8 27.a5  1/2-1/2

[Event "Benidorm op"]
[Site "Benidorm"]
[Date "1991.??.??"]
[Round "7"]
[White "Ricardi, Pablo"]
[Black "Gallagher, Joseph G"]
[Result "1/2-1/2"]
[WhiteElo "2435"]
[BlackElo "2520"]

1.e4 c5 2.Nf3 d6 3.Bb5+ Nd7 4.O-O Nf6 5.d4 a6 6.Bxd7+ Nxd7 7.Nc3 e6 8.dxc5 Nxc5
9.Bg5 Qc7 10.Re1 f6 11.Bh4 b5 12.Nd4 b4 13.Nd5 exd5 14.Qh5+ Qf7 15.exd5+ Be7
16.Qe2 O-O 17.Qxe7 Qxd5 18.Rad1 Bb7 19.Nf3 Qxa2 20.Bg3 Rf7 21.Qxd6 Rc8 22.Re7 Qxb2
23.Ne5 Ne4 24.Qe6 Ng5 25.Qxc8+ Bxc8 26.Nxf7 Ne6 27.Nd6 Qxc2 28.Re1 h6 29.Re8+ Kh7
30.Rxc8 Qd2 31.Rcc1 b3 32.Rcd1 Qc2 33.Rc1 Qd2 34.Nc4 Qd5 35.h4 a5 36.Red1 Nd4
37.Kh2 a4 38.Bf4 Qe4 39.Bg3 Nc2 40.Nd6 Qb4 41.Nf5 Kg6 42.Rd5 b2 43.h5+ Kh7
44.Rxc2 b1=Q 45.Rc7 Qf8 46.Bd6 Qxf5 47.Rxg7+ Qxg7 48.Rxf5 Qg4 49.Rf3 Qxh5+
50.Kg1 Kg6 51.Ba3 Qe5 52.Rg3+ Kf7 53.Re3 Qa1+ 54.Kh2 h5 55.Re7+ Kg6 56.Re3 h4
57.Rf3 Kg5 58.Re3 Qf1 59.Rf3 Qe1 60.Bb2 f5 61.Ba3 Kg4 62.Bd6 Qd2 63.Ba3 f4
64.Kg1 h3 65.Rxh3 Qe1+ 66.Kh2 Qxf2 67.Rf3 Qd2 68.Kg1 Qe1+  1/2-1/2

[Event "Berliner Sommer"]
[Site "Berlin"]
[Date "1991.??.??"]
[Round "?"]
[White "Lorenz, Sascha"]
[Black "Petrosian, Arshak B"]
[Result "0-1"]
[WhiteElo "2340"]
[BlackElo "2505"]

1.e4 c5 2.Nf3 d6 3.Bb5+ Bd7 4.Bxd7+ Qxd7 5.O-O e6 6.Re1 Nc6 7.d4 cxd4 8.Nxd4 Nf6
9.c4 Be7 10.Nc3 O-O 11.b3 Rfd8 12.Bb2 b6 13.Nxc6 Qxc6 14.Qf3 a6 15.g4 b5
16.g5 Ne8 17.Qg4 bxc4 18.Re3 Qc5 19.e5 d5 20.Rf3 d4 21.Qf4 dxc3 22.Qxf7+ Kh8
23.Rxc3 Bxg5 24.Rxc4 Qe7 25.Qxe7 Bxe7 26.Rc6 Rd2 27.Bc3 Rc2 28.Rxe6 Bc5 29.Be1  0-1

[Event "Biel Mixed"]
[Site "Biel"]
[Date "1991.??.??"]
[Round "1"]
[White "Antonio, Rogelio Jr"]
[Black "Gallagher, Joseph G"]
[Result "1/2-1/2"]
[WhiteElo "2495"]
[BlackElo "2520"]

1.e4 c5 2.Nf3 d6 3.Bb5+ Nd7 4.O-O Nf6 5.d4 a6 6.Bxd7+ Nxd7 7.Nc3 cxd4 8.Qxd4 e6
9.Be3 Qc7 10.Rfd1 Ne5 11.Nxe5 dxe5 12.Qa4+ Bd7 13.Qb3 Be7 14.Rd2 O-O 15.Rad1 Be8
16.Na4 b5 17.Nb6 Rd8 18.Rxd8 Bxd8 19.c4 Bc6 20.f3 Be7 21.Qc3 b4 22.Qc1 Rd8
23.Rxd8+ Qxd8 24.Qc2 Bg5 25.Bf2 f5 26.c5 fxe4 27.fxe4 Bh4 28.g3 Be7 29.Nc4 Qa8
30.Qb3 Bxe4 31.Nxe5 Bd5 32.Qc2 Bf6 33.Nd7 Qc6 34.Nxf6+ gxf6 35.b3 e5 36.Be3 Be6
37.Qd2 a5 38.h4 Kg7 39.Kh2 Kf7 40.Qd3 Kg7 41.Qd2  1/2-1/2

[Event "Biel Mixed"]
[Site "Biel"]
[Date "1991.??.??"]
[Round "7"]
[White "Campora, Daniel H"]
[Black "Antonio, Rogelio Jr"]
[Result "1/2-1/2"]
[WhiteElo "2510"]
[BlackElo "2495"]

1.e4 c5 2.Nf3 d6 3.Bb5+ Bd7 4.Bxd7+ Qxd7 5.O-O Nf6 6.Re1 Nc6 7.d4 cxd4 8.Nxd4 g6
9.c4 Bg7 10.Nc3 O-O 11.Nc2 Rac8 12.b3 b6 13.Bb2 Qb7 14.Rb1 Ne5 15.Nb4 Rfe8
16.Qe2 Ned7 17.Rbd1 a6 18.a4 Nc5 19.Ncd5 Nfd7 20.Bxg7 Kxg7 21.Qb2+ Kg8 22.Nc3 Ne5
23.Re3 e6 24.h3 Qe7 25.Nc2 Qf6 26.Nd4 h5 27.Nde2 g5 28.Rxd6 Red8 29.Rxd8+ Rxd8
30.Nc1 a5 31.Qe2  1/2-1/2

[Event "Biel op"]
[Site "Biel"]
[Date "1991.??.??"]
[Round "8"]
[White "Luetke, Jens"]
[Black "Loeffler, Markus"]
[Result "1-0"]
[WhiteElo "2320"]
[BlackElo "2275"]

1.e4 c5 2.Nf3 d6 3.Bb5+ Nc6 4.d4 cxd4 5.Qxd4 Bd7 6.Bxc6 bxc6 7.c4 e5 8.Qd3 Be7
9.Nc3 Qc7 10.O-O Nf6 11.Bg5 Bg4 12.h3 Bh5 13.Nh4 h6 14.Bxf6 Bxf6 15.Nf5 Rd8
16.b4 O-O 17.b5 Bg6 18.bxc6 Qxc6 19.Nd5 Bxf5 20.exf5 Rfe8 21.Qe4 Rc8 22.Rac1 Bd8
23.Rfd1 f6 24.Rd3 Kh8 25.Rg3 Qd7 26.Rg6 Qf7 27.Rc3 Be7 28.Qg4 Bf8 29.Qh5 Qb7
30.Rcg3 Red8 31.Qxh6+  1-0

[Event "BRA-ch m"]
[Site "?"]
[Date "1991.??.??"]
[Round "7"]
[White "Tsuboi, Edson Kenji"]
[Black "Braga, Cicero"]
[Result "1/2-1/2"]
[WhiteElo "2340"]
[BlackElo "2355"]

1.e4 c5 2.Nf3 d6 3.Bb5+ Bd7 4.Bxd7+ Nxd7 5.c4 Ngf6 6.Nc3 e6 7.O-O Be7 8.d4 cxd4
9.Nxd4 O-O 10.b3 a6 11.Bb2 Re8 12.Qf3 Qa5 13.Rad1 Rac8 14.Qg3 Nh5 15.Qe3 Bg5
16.Qf3 g6 17.g3 Be7 18.Kh1 Nhf6 19.Rfe1 Ne5 20.Qe2 Nc6 21.Nc2 Nb4 22.Nxb4 Qxb4
23.e5 dxe5 24.Qxe5 Qc5 25.Qxc5 Bxc5 26.Na4 Ng4 27.Rd7 Bxf2 28.Rf1  1/2-1/2

[Event "Mitropa-Cup"]
[Site "Brno"]
[Date "1991.??.??"]
[Round "1"]
[White "Velicka, Petr"]
[Black "Hoffmann, Michael"]
[Result "1/2-1/2"]
[WhiteElo "2375"]
[BlackElo "2465"]

1.e4 c5 2.Nf3 d6 3.Bb5+ Bd7 4.Bxd7+ Qxd7 5.c4 Nc6 6.d4 Qg4 7.O-O Nxd4 8.Nxd4 Qxd1
9.Rxd1 cxd4 10.Rxd4 Rc8 11.b3 g5 12.Bb2 Bg7 13.Rd2 Bxb2 14.Rxb2 Nf6 15.Nc3 a6
16.a4 e6 17.Rd1 Ke7 18.Rbd2 Rc6 19.f3 Nd7 20.Ne2 Ne5 21.Kf2 Rhc8 22.Nd4 Rb6
23.a5 Rb4 24.Ra1 Nc6 25.Ra3 Nxd4  1/2-1/2

[Event "Mitropa-Cup"]
[Site "Brno"]
[Date "1991.??.??"]
[Round "5"]
[White "Somlai, Laszlo"]
[Black "Popovic, Petar"]
[Result "1/2-1/2"]
[WhiteElo "2375"]
[BlackElo "2550"]

1.e4 c5 2.Nf3 d6 3.Bb5+ Bd7 4.Bxd7+ Nxd7 5.O-O Ngf6 6.Qe2 e6 7.b3 Be7 8.Bb2 O-O
9.c4 e5 10.Nc3 Ne8 11.Nd5 Nc7 12.Nxc7 Qxc7 13.d3 g6 14.Nd2 Bg5 15.Nb1 f5
16.Nc3 Rae8 17.exf5 Rxf5 18.Nd5  1/2-1/2

[Event "Mitropa-Cup"]
[Site "Brno"]
[Date "1991.??.??"]
[Round "5"]
[White "Velicka, Petr"]
[Black "Fabiano, Giuseppe"]
[Result "1-0"]
[WhiteElo "2375"]
[BlackElo "2270"]

1.e4 c5 2.Nf3 d6 3.Bb5+ Nd7 4.d4 Nf6 5.Nc3 a6 6.Bxd7+ Nxd7 7.O-O h6 8.e5 cxd4
9.Qxd4 dxe5 10.Nxe5 Nxe5 11.Qxe5 e6 12.Rd1 Qf6 13.Qxf6 gxf6 14.Ne4 f5 15.Nd6+ Bxd6
16.Rxd6 Ke7 17.Bf4 f6 18.Rad1 b5 19.Be3 Rb8 20.Rc6 Rb7 21.Rxa6 Rc7 22.Ra8 Rg8
23.Bb6 Rd7 24.Bc5+ Kf7 25.Rxd7+ Bxd7 26.Ra7 Ke8 27.g3 Rg4 28.Ra8+ Kf7 29.Rf8+ Kg7
30.f4 e5 31.Rd8 Bc6 32.Bd6 Kf7 33.Kf2 Ke6 34.Bc7 Be4 35.c3 Bb1 36.a3 e4 37.Ke3 Rg7
38.Rd6+ Ke7 39.Rb6 Bd3  1-0

[Event "Brno Morava-C"]
[Site "Brno"]
[Date "1991.??.??"]
[Round "6"]
[White "Michalek, Jan"]
[Black "Votava, Jan"]
[Result "1/2-1/2"]
[WhiteElo "2320"]
[BlackElo "2395"]

1.e4 c5 2.Nf3 d6 3.Bb5+ Nc6 4.d4 cxd4 5.Qxd4 Bd7 6.Bxc6 Bxc6 7.Nc3 Nf6 8.Bg5 e6
9.O-O-O Be7 10.Rhe1 O-O 11.e5 Nd5 12.Bxe7 Qxe7 13.exd6 Qxd6 14.Ne5 Rac8 15.Rd3 Qe7
16.Nxc6 bxc6 17.Rg3 Qf6 18.Qxf6 Nxf6 19.Ne4 Nxe4 20.Rxe4 Rfd8  1/2-1/2

[Event "Budapest IM"]
[Site "Budapest"]
[Date "1991.??.??"]
[Round "1"]
[White "Almasi, Istvan"]
[Black "Koch, Thomas"]
[Result "1-0"]
[WhiteElo "2280"]
[BlackElo "2335"]

1.e4 c5 2.Nf3 d6 3.Bb5+ Bd7 4.Bxd7+ Qxd7 5.O-O Nc6 6.Re1 Nf6 7.c3 e6 8.d4 cxd4
9.cxd4 d5 10.e5 Ne4 11.Nbd2 Nxd2 12.Bxd2 Be7 13.Rc1 O-O 14.a3 Rfc8 15.Rc3 a6
16.Rd3 Qd8 17.b4 a5 18.b5 Na7 19.Qb1 Rc4 20.b6 Nc6 21.Qb2 Ra6 22.Rb3 a4 23.Rb5 Qf8
24.Ra1 f6 25.exf6 Bxf6 26.Bc3 Ra8 27.Rd1 Be7 28.Nd2 Bxa3 29.Qa1 Rxc3 30.Qxc3 Bb4
31.Qe3 Qf5 32.Rc1 Bxd2 33.Qxd2 Qe4 34.f3 Qxd4+ 35.Qxd4 Nxd4 36.Rb2 a3 37.Ra2 Nb5
38.Rc5 Nd6 39.Rc7 Ra6 40.Re7  1-0

[Event "Zeus (Women)"]
[Site "Budapest"]
[Date "1991.??.??"]
[Round "3"]
[White "Csoke, Adrienn"]
[Black "Gocheva, Rumiana B"]
[Result "1/2-1/2"]
[WhiteElo "2170"]
[BlackElo "2220"]

1.e4 c5 2.Nf3 d6 3.Bb5+ Nc6 4.O-O Bd7 5.d4 cxd4 6.Nxd4 Nf6 7.Re1 e5 8.Nxc6 bxc6
9.Ba4 Qc7 10.c4 Be6 11.Qe2 Nd7 12.Nc3 Nb6 13.b3 Be7 14.f4 f6 15.f5 Bf7 16.Rd1 O-O
17.Rd3 Rfd8 18.Rg3 Bf8 19.Ba3 Nxa4 20.Nxa4 Qa5 21.Rd1 d5 22.Bxf8 Kxf8 23.cxd5 cxd5
24.exd5 Rxd5 25.Rxd5 Bxd5 26.Rc3 Rd8 27.h3 Bb7 28.Rc2 Rd5 29.Qf2 h6 30.Nc5 Bc8
31.Ne4 Bd7 32.Rc4 Qb6 33.Qxb6 axb6 34.g4 Ke7 35.Kf2 Rd3 36.Rc3 Rxc3 37.Nxc3 Bc6
38.a3 Kd6 39.b4 Bd5 40.Kg3 Bc4 41.Kf2 Bd3 42.Na4 Kc6 43.Nc3 h5 44.Kg3 Kd6
45.Na4 b5 46.Nc5 Kc6 47.Kh4 e4 48.Kg3 e3 49.Kf3 Bf1 50.Kxe3 Bxh3 51.gxh5 Bxf5
52.Kf4 Bd7 53.Ne4 Be8 54.h6 gxh6 55.Nxf6 Bd7 56.Ke5 Bc8 57.Nd5 Kb7 58.Ne7 Bd7
59.Ng6 h5 60.Kd6 Be8 61.Nh4 Kb6 62.Ng2 Bc6 63.Nh4 Be4 64.Ke5 Bc2 65.Nf3 Bd3  1/2-1/2

[Event "Budapest"]
[Site "Budapest"]
[Date "1991.??.??"]
[Round "4"]
[White "Carlier, Bruno"]
[Black "Afek, Yochanan"]
[Result "1/2-1/2"]
[WhiteElo "2375"]
[BlackElo "2325"]

1.e4 c5 2.Nf3 d6 3.Bb5+ Bd7 4.Bxd7+ Nxd7 5.O-O Ngf6 6.d3 g6 7.Nc3 Bg7 8.Bf4 O-O
9.Qd2 Rb8 10.a4 Nh5 11.Bh6 Ne5 12.Ne1 Nc6 13.Bxg7 Nxg7 14.Nf3 a6 15.Nd5 e6
16.Ne3 Nd4 17.Nxd4 cxd4 18.Nc4 d5 19.exd5 Qxd5 20.a5 e5 21.Rfe1 Rbe8 22.Qb4 Re6
23.Nb6 Qc6 24.Qc4 Rfe8 25.Ra4 Nf5 26.Qxc6 Rxc6 27.Rc4 Nd6 28.Rxc6 bxc6 29.Nd7 Re7
30.Nxe5 f6 31.Nf3 Rxe1+ 32.Nxe1 c5 33.Nf3 Kf7 34.b4 Ke6 35.bxc5 Nb5 36.Nd2 Na3
37.Kf1 Nxc2 38.Ke2 Kd5 39.Nb3 Nb4 40.f4 f5 41.h3 Nc6 42.g4 Nd8 43.Kf3 Ne6
44.Kg3 Kc6 45.gxf5 gxf5 46.Nd2 Kxc5 47.Nc4 Kb4 48.Nd6 Kxa5 49.Nxf5 Kb4 50.Nd6 Kc3
51.f5 Nf8 52.Kf4 Kxd3 53.Ke5 h5 54.h4 Kc3 55.Ne4+ Kc4 56.Nd2+ Kc3 57.Ne4+ Kd3
58.Nd6 Ke3 59.Nc4+ Kf3 60.Kxd4 Kg4 61.Ke4 Nh7 62.Ne5+ Kxh4 63.Kf4 Kh3 64.Nf3 Kg2
65.Ng5 Nf8 66.Ne6 Nh7 67.Ng5 Nf6 68.Ne4 Nd7 69.Kg5 Kf3 70.Nd6 h4 71.Kxh4 Kf4
72.Nb7 Kxf5 73.Kg3 Ke4 74.Kf2  1/2-1/2